| 000 | 00550nam a2200157 i 4500 | ||
|---|---|---|---|
| 001 | 46721 | ||
| 003 | ES-MaACL | ||
| 005 | 20230906161432.0 | ||
| 007 | t| | ||
| 008 | 030331s1940 sp ||||1| spa d | ||
| 110 | 2 |
_aAsociación Española para el Progreso de las Ciencias. _bCongreso ( _n16º. _d1940. _cZaragoza) _91696 |
|
| 245 | 1 | 0 |
_aAsociación Española para el Progreso de las Ciencias _b: XVI congreso celebrado en Zaragoza. |
| 260 |
_aMadrid : _b[s.n., _c1940] ( _fAldecoa) |
||
| 300 |
_a530 p. : _bmap. ; _c24 cm. |
||
| 852 |
_aES-MaACL _jD-8651 |
||
| 999 |
_c46721 _d46721 |
||